000 01097nam0a22002651 4500
001 rc\4776319
005 20260407141158.0
021 _aRU
_b[61-87083]
035 _a(NLR Aleph) 009025974
090 _a9458403
_c9458403
100 _a20130417d1961 |||y0rusy50 ca
101 0 _arus
102 _aRU
105 _aa c |||||
200 1 _aОсновные формулы и указания по расчету отверстий мостов через постоянные водотоки
_fМ-во автомоб. транспорта и шоссейных дорог РСФСР. Гипроавтотранс
210 _aМосква
_cАвтотрансиздат
_d1961
215 _a23 с.
_cчерт.
_d22
606 _aМостовые переходы
_xРасчет отверстий
_2psbo
606 _aМосты
_xРасчет отверстий
_2psbo
712 0 2 _a"Гипроавтотранс", институт
_cМосква
_9515479
_3RU\NLR\AUTH\8810008870
801 0 _aRU
_bNLR
_gpsbo
801 1 _aRU
_bELAR
_2rusmarc
852 _aNLR
_j62-6/723
942 _cBOOK
980 _aNB